000 00603nam a2200229Ia 4500
001 dia_1494
003 CHAP
005 20251021144946.0
008 220117s1943 xx 000 0 und d
010 _a172035
040 _cCHAP
082 _a621.01 Z3
100 _aZemansky, M.N.
_9150867
245 _aHeat and Thermodynamics /
_c by M.N. Zemansky
260 _aNew York. Mcgraw-Hill
_c1943
300 _a390 p.
650 _a1.Termodinámica.
_9146979
901 _a621.01 Z3
902 _aM
905 _a0000001943 NY X 0000000000ING00
942 _cLIBRO
_2ddc
999 _c172035
_d172035